Normal view
MARC view
- Bulavs, F.Ya Gurvich, M.R Kruklinsh, A.A
Entry Personal Name
001 - CONTROL NUMBER
- control field: 56075
003 - CONTROL NUMBER IDENTIFIER
- control field: NUST
005 - DATE AND TIME OF LATEST TRANSACTION
- control field: 20210628201627.0
008 - FIXED-LENGTH DATA ELEMENTS
- fixed length control field: 210628|| aca||aabn | a|a d
040 ## - CATALOGING SOURCE
- Original cataloging agency: NUST
- Transcribing agency: NUST
100 ## - HEADING--PERSONAL NAME
- Personal name: Bulavs, F.Ya Gurvich, M.R Kruklinsh, A.A
670 ## - SOURCE DATA FOUND
- Source citation: Work cat.: (NUST): Bulavs, F.Ya Gurvich, M.R Kruklinsh, A.A, Structural analysis of composite beam systems, 1991
